Bách khoa thư Hà Nội Kỉ niệm 1000 năm Thăng Long - Hà Nội 1010 - 2010 T.4 Pháp luật
Giới thiệu tổng quan các hình thức pháp luật từ xưa đến nay ở Việt Nam và ở Hà Nội, đặc thù và bản sắc dân tộc của pháp luật Việt Nam và Hà Nội, pháp luật qua các thời kì lịch sử, hương ước cổ Hà Nội; các cơ quan tư pháp ở Thăng Long - Hà Nội qua các giai đoạn lịch sử, tuyển dụng và đào tạo các chức...
Spremljeno u:
| Glavni autor: | |
|---|---|
| Daljnji autori: | , , , , |
| Format: | Knjiga |
| Jezik: | Vietnamese |
| Izdano: |
H.
Văn hóa thông tin
2008
|
| Serija: | Viện nghiên cứu và phổ biến kiến thức bách khoa
|
| Teme: | |
| Oznake: |
Dodaj oznaku
Bez oznaka, Budi prvi tko označuje ovaj zapis!
|
| Thư viện lưu trữ: | Mạng thư viện Đại học Đà Nẵng |
|---|
| LEADER | 02087nam a2200445 4500 | ||
|---|---|---|---|
| 001 | 000009624 | ||
| 003 | 5821 | ||
| 005 | 20111031091012.0 | ||
| 008 | 111031s2008 viesd | ||
| 020 | |c 130000đ | ||
| 041 | 0 | |a vie | |
| 082 | |a 039 |b Bac | ||
| 100 | 0 | |a Hữu Đức |e Chủ biên | |
| 245 | 1 | 0 | |a Bách khoa thư Hà Nội |b Kỉ niệm 1000 năm Thăng Long - Hà Nội 1010 - 2010 |c Hữu Đắc (ch.b.), Lê Văn Thâu, Ngô Đức Tiết |n T.4 |p Pháp luật |
| 260 | |a H. |b Văn hóa thông tin |c 2008 | ||
| 300 | |a 307 tr. |c 27 cm | ||
| 490 | |a Viện nghiên cứu và phổ biến kiến thức bách khoa | ||
| 500 | |a Ủy ban nhân dân thành phố Hà Nội | ||
| 504 | |a Thư mục: tr. 302-303 | ||
| 520 | |a Giới thiệu tổng quan các hình thức pháp luật từ xưa đến nay ở Việt Nam và ở Hà Nội, đặc thù và bản sắc dân tộc của pháp luật Việt Nam và Hà Nội, pháp luật qua các thời kì lịch sử, hương ước cổ Hà Nội; các cơ quan tư pháp ở Thăng Long - Hà Nội qua các giai đoạn lịch sử, tuyển dụng và đào tạo các chức danh tư pháp qua các giai đoạn lịch sử, kế thừa và phát huy bản sắc dân tộc về nhà nước và pháp luật | ||
| 653 | |a Pháp luật | ||
| 653 | |a Hà Nội | ||
| 653 | |a Bách khoa thư | ||
| 700 | |a Hữu Đắc |e Chủ biên | ||
| 700 | |a Lê Văn Thâu |e B.s | ||
| 700 | |a Ngô Đức Tiết |e B.s | ||
| 700 | |a Nguyễn Hữu Quỳnh |e B.s | ||
| 700 | |a Nguyễn Minh Luận |e B.s | ||
| 773 | |t Bách khoa thư Hà Nội |w 5800 | ||
| 910 | |a duyên | ||
| OWN | |a LSP | ||
| AVA | |a UDN50 |b LSP |d 039 Bac |e available |t Error 5001 Not defined in file expand_doc_bib_avail. |f 1 |g 0 |h N |i 0 |k 1 | ||
| 999 | |a From the UDN01 | ||
| AVA | |a UDN50 |b LSP |d 039 Bac |e available |t Error 5001 Not defined in file expand_doc_bib_avail. |f 1 |g 0 |h N |i 0 |k 1 | ||
| TYP | |a Monograph | ||
| TYP | |a Printed language | ||
| 980 | |a Mạng thư viện Đại học Đà Nẵng | ||